000 00797nam a2200313Ia 4500
001 Z_902
003 CHAP
008 220113s1989 xx 000 0 und d
010 _a163977
040 _cCHAP
082 _a636.085 M3
100 _aMcDowell, Lee Russell
_973495
245 _aVitamins in animal nutrition : comparative aspects to human nutrition /
_cby Lee Russell McDowell
260 _aSan Diego, Ca. :
_bAcademic Press,
_c1989
300 _a486 p.
440 _a
500 _a
503 _a150715
650 _aNutrición Animal
650 _aNutrificación
_9138024
650 _aVitaminas
_9120010
650 _aVitaminas en nutrición animal
_9120022
901 _a636.085 M3
902 _aA
910 _a1989
942 _c1
942 _cc1
999 _c163977
_d163977